LEADER 01396nam a2200337 a 4500 001 000000129290 003 CaOOAMICUS 005 20120613130449.0 008 120613m20129999it u000 u ita r 020 $a978-88-13-31579-5 (v. 1) 040 $aPUL$bita 082 04$a347.45 100 1 $aGenghini, Lodovico.$0(OLS)http://pul/name/75978 245 13$aIl diritto delle societą /$cLodovico Genghini, Paolo Simonetti. 260 $aPadova :$bCEDAM,$c2012- 300 $a2 v. in 3 t. ;$c25 cm 490 1 $aManuali notarili ;$v03.1 505 1 $aV. 1. Le societą di persone. 650 4$aNotariato$zItalia$vManuali.$0(OLS)http://pul/subject/21802 700 1 $aSimonetti, Paolo.$0(OLS)http://pul/name/82765 740 32$aLe societą di persone. 830 0$aManuali notarili ;$v03.1.$0(OLS)http://pul/title/152657 850 $aPUL 852 $aPUL$W1$xSL Diritto e Scienze Sociali 3$y79$m347. 45 GENLO 1.3.1$j149717$av. 1$qDDC 21$B148239$CPULBib$Z2$F148239 $H120076 $82 941 1 $a9 996 $6020$a978-88-13-31579-5 (v. 1)$9(OLS)http://pul/number/150005 996 $6082$a347.45$9(OLS)http://pul/classification/384 996 $6245$aIl diritto delle societą$9(OLS)http://pul/title/163386 996 $6740$aLe societą di persone$9(OLS)http://pul/title/163387 996 $6260$aPadova :$bCEDAM$9(OLS)http://pul/publisher/48126 LEADER 01881nam a2200385 a 4500 001 000000122427 003 CaOOAMICUS 005 20150922131158.0 008 100707t2010 it 000 b ita r 020 $a978-88-7402-567-1 040 $aPUL$bita$dReb 082 04$a261.8 100 1 $aOrmas, Maurizio,$d1948-$0(OLS)http://pul/name/73617 245 13$aLa libertą e le sue radici :$bl'affermarsi dei diritti della persona nella pastorale della Chiesa dalle origini al XVI secolo /$cMaurizio Ormas ; prefazione di Rocco Buttiglione. 260 $aCantalupa (To) :$bEffatą,$c©2010. 300 $a300 p.$c21cm 490 1 $aPolis & Oikonomia ;$v10 504 $aBibliografia p. 291-300. 650 4$aLibertą (diritto).$0(OLS)http://pul/subject/8098 650 4$aDiritto e religione.$0(OLS)http://pul/subject/20548 650 4$aCristianesimo e societą.$0(OLS)http://pul/subject/1182 700 1 $aButtiglione, Rocco,$d1948-$0(OLS)http://pul/name/1244 830 0$aPolis & Oikonomia ;$v10.$0(OLS)http://pul/title/119412 850 $aPUL 852 $aPUL$W1$xDP1 Fondo S. Lanza$y121$m4 A 19$j115080$qFondi$B169540$CPULBib$Z2$F169540 $HLAN1460 $82 852 $aPUL$W1$xSL Religione 3$y85$m261. 8 ORMMA 1$j140593$qDDC 21$B139702$CPULBib$Z2$F139702 $H113757 $82 941 1 $a9 941 1 $a1 960 $aDiritto ecclesiastico$920548 960 $aDiritto ecclesiastico$920548 960 $aReligione e diritto$920548 996 $6020$a978-88-7402-567-1$9(OLS)http://pul/number/144798 996 $6082$a261.8$9(OLS)http://pul/classification/367 996 $6245$aLa libertą e le sue radici :$bl'affermarsi dei diritti della persona nella pastorale della Chiesa dalle origini al XVI secolo$9(OLS)http://pul/title/154191 996 $6260$aCantalupa (To) :$bEffatą$9(OLS)http://pul/publisher/68547